Dopravní provoz železnic /

Gespeichert in:
Bibliographische Detailangaben
Hauptverfasser: Daněk, Jan (Verfasst von), Vonka, Jaroslav (Verfasst von)
Format: Buch
Sprache:Tschechisch
Veröffentlicht: Praha : SNTL, 1988
Ausgabe:1.vyd.
Schlagworte:
Tags: Tag hinzufügen
Keine Tags, Fügen Sie das erste Tag hinzu!

MARC

LEADER 00000nam a22000003a 4500
001 stu35401
005 20150617225730.9
008 920416s1988----cs------------------cze-d
040 |a STU  |b slo 
041 0 |a cze 
044 |a cs 
080 |a 656.2(075.8) 
100 1 |a Daněk, Jan  |4 aut 
245 1 |a Dopravní provoz železnic /  |c [aut.]Jan Daněk, Jaroslav Vonka 
250 |a 1.vyd. 
260 |a Praha :  |b SNTL,  |c 1988 
300 |a 397 s :  |b 4 príl 
650 7 |a doprava železničná  |2 stusub 
700 1 |a Vonka, Jaroslav  |4 aut 
996 |b 284M002880  |c M*4582-1  |l MMKN  |s A  |a 24  |w stu35401_0001